Suomen suurimmat risteily alukset - Statistics

Yleistilastot
  • Tätä visaa on pelattu 37 kertaa
  • Keskiarvotulos 6 / 16
Vastaustilastot
Hint Vastaus % Oikein
Silja Line MS Serenade
76%
Silja Line MS Symphony
71%
Silja Line MS Europa
59%
Viking Line MS Grace
53%
Tallink MS Baltic Princess
50%
Viking Line MS Gabriella
44%
Tallink MS Megastar
41%
Viking Line MS Glory
38%
Viking Line MS Cinderella
32%
Tallink MS Victoria 1
26%
Tallink MS MyStar
24%
Viking Line MS XPRS
21%
Silja Line MS Galaxy
18%
Tallink MS Baltic Queen
12%
Tallink MS Romantika
12%
Tallink MS Isabelle
9%
Ehtoja vastaavia visoja ei löytynyt
Tulosjakauma
Jokaisen tuloksen saaneiden osuus
Persentiili vastausten määrän mukaan
Tuloshistoriasi
Et ole pelannut tätä visaa